000 00725nam a2200241Ia 4500
003 OSt
005 20220925231717.0
006 a|||||r|||| 00| 0
007 ta
008 220923b |||||||| |||| 00| 0 eng d
020 _a9711240122
037 _cGeneral Book
040 _aRTL
_cRTL
_beng
041 _2eng
_aeng
082 _aX93:6.433.N8, M8
100 _aKrongkaew Medhi et al
_9295975
245 0 _aFinancing public sector development expenditure in
260 _aManila
_bAsian Development Bank
_c1988
300 _a122p. Bibliography p.120-22
_ccm.
650 _aPublic Sector Economics
942 _hX93:6.433.N8, M8
_cGB
_2CC
999 _c589229
_d589229